Viaje a la Nueva España (Record no. 10686)

MARC details
000 -CABECERA
campo de control de longitud fija 00670nam a2200217 a 4500
001 - NÚMERO DE CONTROL
campo de control BRL_1878
005 - FECHA Y HORA DE LA ÚLTIMA TRANSACCIÓN
campo de control 20190320211418.0
008 - DATOS DE LONGITUD FIJA--INFORMACIÓN GENERAL
campo de control de longitud fija 120815s1983----mx-a######---#000-0#spa-#
041 ## - CÓDIGO DE LENGUA
Código de lengua del texto/banda sonora o título independiente spa
044 ## - CÓDIGO DEL PAÍS DE LA ENTIDAD EDITORA/PRODUCTORA
Código MARC del país mx
050 #4 - SIGNATURA TOPOGRÁFICA DE LA BIBLIOTECA DEL CONGRESO
Número de clasificación F1211
Número de documento/Ítem .C37 1983
100 1# - ENTRADA PRINCIPAL--NOMBRE DE PERSONA
Nombre de persona Gemelli Careri, Giovanni Francesco
Fechas asociadas al nombre 1651-1725
9 (RLIN) 28113
245 10 - MENCIÓN DE TÍTULO
Título Viaje a la Nueva España
Mención de responsabilidad, etc. Gemelli Carreri ; traducido por José María de Agreda y Sánchez.
260 ## - PUBLICACIÓN, DISTRIBUCIÓN, ETC.
Lugar de publicación, distribución, etc. México
Nombre del editor, distribuidor, etc. Jorge Porrúa
Fecha de publicación, distribución, etc. 1983
300 ## - DESCRIPCIÓN FÍSICA
Extensión v.
Otras características físicas il.
Dimensiones 22 cm.
500 ## - NOTA GENERAL
Nota general t.2 Au1926
651 #4 - PUNTO DE ACCESO ADICIONAL DE MATERIA--NOMBRE GEOGRÁFICO
Nombre geográfico México
Subdivisión general Descripción y viajes
9 (RLIN) 103
700 1# - PUNTO DE ACCESO ADICIONAL--NOMBRE DE PERSONA
Nombre de persona Agreda y Sánchez, José María de
Término indicativo de función/relación tr.
9 (RLIN) 28114
902 ## - CATALOGADOR
Iniciales GRL
942 ## - ELEMENTOS DE PUNTO DE ACCESO ADICIONAL (KOHA)
Fuente del sistema de clasificación o colocación Library of Congress Classification
Tipo de ítem Koha Libros
Holdings
Estado de retiro Estado de pérdida Estado dañado No para préstamo Localización permanente Ubicación/localización actual Fecha de adquisición Número de inventario Total de préstamos Signatura topográfica completa Código de barras Fecha visto por última vez Precio válido a partir de Tipo de ítem Koha
El ejemplar forma parte de la colección y puede ser consultado según las políticas vigentes.       Biblioteca Centro de Estudios Ruth D. Lechuga Biblioteca Centro de Estudios Ruth D. Lechuga 12/08/2015 t.2 Au1926   F1211 .C37 1983 (t.2 Au1926) GRL02071 22/03/2019 22/03/2019 Libros